|
|
|
|
| LEADER |
00000nab a2200000 a 4500 |
| 001 |
vtls000931129 |
| 003 |
SK-MaSNL |
| 005 |
20260303211007.0 |
| 008 |
040720e20031219xo 0 slo |
| 035 |
|
|
|a KE40006
|
| 040 |
|
|
|a KEVKJB
|b slo
|c KEVKJB
|e AACR2
|
| 041 |
0 |
|
|a slo
|
| 044 |
|
|
|a xo
|c SK
|
| 080 |
|
|
|a 362.111
|2 1981
|
| 100 |
1 |
|
|a Sambor, Miroslav
|4 aut
|9 872736
|
| 245 |
1 |
0 |
|a Vo FN L.Pasteura dnes otvorili dve nové pracoviská
|b Na Rastislavovej budú aj nadçtandardné izby pre mamičky
|
| 300 |
|
|
|b 2 foto
|
| 610 |
2 |
7 |
|a Fakultná nemocnica L. Pasteura (Košice, Slovensko)
|2 KEVKJB
|9 29655
|
| 610 |
2 |
7 |
|a Pôrodnícke a gynekologické oddelenie
|2 KEVKJB
|9 1243347
|
| 650 |
0 |
7 |
|a otvorenie
|2 KEVKJB
|9 765696
|
| 651 |
|
7 |
|a Košice (Slovensko)
|2 KEVKJB
|9 18694
|
| 651 |
|
7 |
|a KE,
|2 KEVKJB
|9 877256
|
| 655 |
|
7 |
|a periodikum
|2 snkbucl
|9 29553
|
| 710 |
2 |
|
|a Fakultná nemocnica L. Pasteura (Košice, Slovensko)
|4 aut
|9 29655
|
| 710 |
2 |
|
|a Pôrodnícke a gynekologické oddelenie
|4 aut
|9 1243347
|
| 773 |
0 |
8 |
|t Košický večer
|g Roč. 14
|g Roč. 35, č.243, 19.12.2003, s. 1,3
|
| 852 |
|
|
|a ZVYKNI
|b KIS3GCP
|
| 999 |
|
|
|c 2202563
|d 2204493
|